Jesús ante su pasión y su muerte

Збережено в:
Бібліографічні деталі
Автор: Gourgues, Michel (Автор)
Формат: Книга
Мова:Іспанська
Опубліковано: Pamplona Verbo Divino 1980
Серія:Cuadernos Bíblicos, 30
Предмети:
Теги: Додати тег
Немає тегів, Будьте першим, хто поставить тег для цього запису!

MARC

LEADER 00000nam a2200000 a 4500
001 UCL7856
003 CL-VaPUC
008 040604e19800000SP |||||||||||||||||spa|d
020 |a 8471512653 
082 0 4 |a 220.7  |b GOU  |2 21 
100 |a Gourgues, Michel  |e author  |9 485886 
245 1 0 |a Jesús ante su pasión y su muerte 
300 |a 63 p 
942 |c BK 
945 |d 20040604 00:00:00  |a cmena 
260 |a Pamplona  |b Verbo Divino  |c 1980 
600 0 |a Jesucristo  |9 481811 
650 0 |a Textos sagrados   |9 257605 
650 0 |a Crítica e interpretación   |9 255042 
650 0 |a Biblia  |9 257603 
583 |a last modification  |c 20130402 08:41:48  |k Rodrigo Vera 
490 0 |a Cuadernos Bíblicos, 30 
999 |c 309413  |d 309411 
952 |0 0  |1 0  |4 0  |6 220_700000000000000_GOU_1980  |7 0  |8 A  |9 376850  |a BIBTEO  |b BIBTEO  |d 2019-11-21  |i 2116995  |o 220.7 GOU 1980  |p 2116995  |r 2025-01-17  |w 2019-11-21  |y BK  |k ICR